000 00684nam a2200253Ia 4500
003 OSt
005 20221006144019.0
006 a|||||r|||| 00| 0
007 ta
008 221006b |||||||| |||| 00| 0 eng d
020 _c168.15
024 _a10,648
037 _cTextual
040 _aEASL
_cEASL
_beng
041 _2eng
_aeng
082 _aW691xM93, M2
100 _aBLOODWORTH Dennis
_9108411
245 0 _aMessiah and the mandarins
_b The paradox of Mao's China
260 _aLondon
_bWeidenfeld and Nicolson
_c1982
300 _a331p.
_ccm.
490 _v CEL
942 _hW691xM93, M2
_cTEXL
_2CC
999 _c1078734
_d1078734